000 00468nam a2200193Ia 4500
003 GCL
008 140319s9999 xx 000 0 eng d
040 _aGCL /
_cGCL
082 0 4 _a759
_bH F
100 1 _aHUGHES, ROBERT
245 1 0 _aFRANK AUERBACH /
_cHUGHES, ROBERT
260 _a[S.N] :
_bTHAMES AND HUDSON ،
_c1990
300 _a240 P
650 0 4 _aPAINTING
650 0 4 _aPAINTERS
650 0 4 _aAUERBACH, FRANK
650 0 4 _aBIOGRAPHIES
942 _2ddc
_cBK
999 _c24938
_d24938